Cartography in the Ancient Near East

Bibliographic Details
Published in:The history of cartography, J.B. Harley and David Woodward, Chicago [etc.], P. 107-116
Main Author: Millard, Alan R.
Content type: Article
Published: 1987
Source:MPIPL_cat
_version_ 1863687004833710080
author Millard, Alan R.
author_facet Millard, Alan R.
author_search Millard, Alan R.
author_sort Millard, Alan R.
author_variant a r m ar arm
collection_details MPIPL
container_reference P. 107-116
container_start_page 107
container_title Cartography in Prehistoric, Ancient and Medieval Europe and the Mediterranean. vol. 1
dedup_id_str MPIPL_cat.PL0053658
dewey-hierarchy 0/[Unassigned]/
dewey-hierarchy_str 0/[Unassigned]/
first_indexed 2026-03-14T00:40:06Z
format 0/Artikel/
format_str 0/Artikel/
fullrecord <?xml version="1.0" encoding="UTF-8"?> <collection xmlns:xsi="http://www.w3.org/2001/XMLSchema-instance" xsi:schemaLocation="http://www.loc.gov/MARC21/slim http://www.loc.gov/standards/marcxml/schema/MARC21slim.xsd" xmlns="http://www.loc.gov/MARC21/slim"> <record> <leader>00000naa a2200000 u 4500</leader> <controlfield tag="001">PL0053658</controlfield> <controlfield tag="003">PLI01000000000000000053340</controlfield> <controlfield tag="005">00000000000000.0</controlfield> <controlfield tag="008"> ||| u </controlfield> <datafield tag="100" ind1="1" ind2=" "> <subfield code="a">Millard, Alan R.</subfield> </datafield> <datafield tag="245" ind1="0" ind2="0"> <subfield code="a">Cartography in the Ancient Near East</subfield> <subfield code="c">A.R. Millard</subfield> </datafield> <datafield tag="260" ind1=" " ind2=" "> <subfield code="c">1987</subfield> </datafield> <datafield tag="952" ind1=" " ind2=" "> <subfield code="h">P. 107-116</subfield> </datafield> <datafield tag="996" ind1=" " ind2=" "> <subfield code="a">Aufsatz</subfield> </datafield> <datafield tag="997" ind1=" " ind2=" "> <subfield code="a">book chapter</subfield> </datafield> <datafield tag="773" ind1="0" ind2="8"> <subfield code="t">The history of cartography</subfield> <subfield code="a">J.B. Harley and David Woodward</subfield> <subfield code="d">Chicago [etc.]</subfield> <subfield code="g">P. 107-116</subfield> <subfield code="w">MPIPL_cat.PL0053653</subfield> <subfield code="z">0-226-31633-5</subfield> <subfield code="i">In:</subfield> </datafield> <datafield tag="696" ind1=" " ind2=" "> <subfield code="a">Millard, Alan Ralph</subfield> </datafield> </record> </collection>
hierarchy_parent_id MPIPL_cat.PL0053653
hierarchy_parent_title Cartography in Prehistoric, Ancient and Medieval Europe and the Mediterranean. vol. 1
id MPIPL_cat.PL0053658
illustrated Not Illustrated
institution MPIPL_cat
institution_str MPIPL_cat
isbn 9780226316338
0-226-31633-5
language und
language_str und
last_indexed 2026-04-27T23:41:37Z
local_fields Aufsatz
online false
online_MPIPL_cat false
online_str false
publishDate 1987
publishDate_str 1987
record_format marc
spelling Millard, Alan R.
Cartography in the Ancient Near East
A.R. Millard
1987
The history of cartography
J.B. Harley and David Woodward
Chicago [etc.]
P. 107-116
0-226-31633-5
In
Millard, Alan Ralph
spellingShingle Millard, Alan R.
Cartography in the Ancient Near East
title Cartography in the Ancient Near East
title_full Cartography in the Ancient Near East A.R. Millard
title_fullStr Cartography in the Ancient Near East A.R. Millard
title_full_unstemmed Cartography in the Ancient Near East A.R. Millard
title_search Cartography in the Ancient Near East
title_short Cartography in the Ancient Near East
title_sort cartography in the ancient near east a r millard